00265nam a2200097Ia 4500008004100000020001800041100002900059245003800088260002700126300001400153171211s9999 xx 000 0 und d a9789719803652 aTiburcio, Ma Jennifer R. aLaboratory Manual in Bacteriology bC & E Publishingc2015 a122 pages